Nahrávky nepoctivým a chýbajúce informácie

Poznatky z kontrolného dňa v politike zamestnanosti v okrese Spišská Nová Ves, ktorý usporiadal Odborový zväz pracovníkov baní, geológie a naftového priemyslu v spolupráci s Ministerstvom práce a sociálnych vecí a rodiny SR, Národným úradom práce a Úradom pre stratégiu a rozvoj spoločnosti, vedy a t...

Descripción completa

Guardado en:
Detalles Bibliográficos
Autor principal: Sviteková, A.
Formato: Capítulo de libro
Lenguaje:eslovaco
Materias:
Etiquetas: Agregar Etiqueta
Sin Etiquetas, Sea el primero en etiquetar este registro!

MARC

LEADER 00000naa a2200000 4500
001 r025935
005 20230824090311.2
041 0 |a slo 
044 |a SK 
245 1 0 |a Nahrávky nepoctivým a chýbajúce informácie  |c A. Sviteková 
520 |a Poznatky z kontrolného dňa v politike zamestnanosti v okrese Spišská Nová Ves, ktorý usporiadal Odborový zväz pracovníkov baní, geológie a naftového priemyslu v spolupráci s Ministerstvom práce a sociálnych vecí a rodiny SR, Národným úradom práce a Úradom pre stratégiu a rozvoj spoločnosti, vedy a techniky v Spišskej Novej Vsi. 
610 2 0 |a Slovensko 
610 2 0 |a 1989-1997 
610 2 0 |a politika zamestnanosti 
610 2 0 |a Spišská Nová Ves 
610 2 0 |a zamestnanosť 
100 1 |a Sviteková, A.